00706nam a2200217u 450000500170000000800410001701000170005802000250007503500170010003700170011704000180013408200060015210000180015824500980017626000380027427000490031230000280036149000610038970000180045070000200046800000000000000.0810522s1962 nyua j 000 0 eng  aB-345557-559 a9780746062272c65.00 aB-345557-559 bTarun Books  adplbEnglish  aS aDolby, Karen  aThe house of shadows /cby Karen Dolby; adapted by Katie Daynes; illustrated by Adrienne Kern aLondonbUsborne Publishing c2004 aUsborne House, 83-85 Saffron Hill, bLondon  a64p. bill.c20cm (pbk) aUsborne young reading; edited by Lesley Simsvseries two aDaynes, Katie aKern, Adrienne